Futuro económico de Puerto Rico : (Record no. 77687)

MARC details
000 -LEADER
campo de control de longitud fija 00997nam a2200265 i 4500
001 - NÚMERO DE CONTROL
campo de control 77687
003 - IDENTIFICADOR DE NÚMERO DE CONTROL
campo de control ES-MaACL
005 - FECHA Y HORA DE LA ÚLTIMA TRANSACCIÓN
campo de control 20250825063329.0
007 - CAMPO FIJO DE DESCRIPCIÓN FÍSICA--INFORMACIÓN GENERAL
campo de control de longitud fija t|
008 - DATOS DE LONGITUD FIJA--INFORMACIÓN GENERAL
campo de control de longitud fija 041103e1999 pr |r 00110 spa d
020 ## - NÚMERO INTERNACIONAL ESTÁNDAR DEL LIBRO
Número Internacional Estándar del Libro 0-8477-0368-1
080 ## - NÚMERO DE LA CLASIFICACIÓN DECIMAL UNIVERSAL
Número de la Clasificación Decimal Universal 338.1(729.5)
245 00 - MENCIÓN DEL TÍTULO
Título Futuro económico de Puerto Rico :
Resto del título antología de ensayos del Proyecto sobre el Futuro Económico de Puerto Rico /
Mención de responsabilidad, etc. Francisco E. Martínez, compilador
250 ## - MENCION DE EDICION
Mención de edición 1ª ed.
260 ## - PUBLICACIÓN, DISTRIBUCIÓN, ETC.
Lugar de publicación, distribución, etc. San Juan de Puerto Rico :
Nombre del editor, distribuidor, etc. Universidad de Puerto Rico,
Fecha de publicación, distribución, etc. 1999
300 ## - DESCRIPCIÓN FÍSICA
Extensión VIII, 410 páginas ;
Dimensiones 23 cm
504 ## - NOTA DE BIBLIOGRAFÍA, ETC.
Nota de bibliografía, etc. Referencias bibliográficas
651 #4 - PUNTO DE ACCESO ADICIONAL DE MATERIA--NOMBRE GEOGRÁFICO
Nombre geográfico Puerto Rico-
Subdivisión general Situación económica
9 (RLIN) 9291
700 1# - ENTRADA AGREGADA--NOMBRE PERSONAL
Nombre de persona Martínez Aponte, Francisco E.
Término indicativo de función/relación Compilador
9 (RLIN) 77742
710 2# - ENTRADA AGREGADA--NOMBRE DE ENTIDAD CORPORATIVA
Nombre de entidad corporativa o nombre de jurisdicción como elemento de entrada Universidad de Puerto Rico (San Juan)
Término indicativo de función/relación Editor
9 (RLIN) 242018
852 4# - LOCALIZACIÓN
Ubicación ES-MaACL
Sublocalización o colección R.134451
Ubicación en estantería Depósito 2
Donativo/Legado Donativo Ateneo Puertorriqueño
Número de control de estantería E-10218
942 ## - ELEMENTOS DE ENTRADA SECUNDARIOS (KOHA)
Fuente del sistema de clasificación o colocación Clasificación decimal universal
Tipo de ítem Koha Libro impreso
Suprimir en OPAC No
Holdings
Estatus retirado Estado de pérdida Fuente del sistema de clasificación o colocación Estado de daño No para préstamo Biblioteca de origen Biblioteca actual Ubicación en estantería Fecha de adquisición Fuente de adquisición Total de préstamos Signatura topográfica completa Código de barras Visto por última vez Tipo de ítem Koha
    Clasificación decimal universal     Biblioteca del Ateneo de Madrid Biblioteca del Ateneo de Madrid Depósito 2 17/01/2008 Donación   E-10218 1081277 23/02/2023 Libro impreso